| 000 | 00338nam a2200133Ia 4500 | ||
|---|---|---|---|
| 005 | 20251222142013.0 | ||
| 008 | 251222s9999||||xx |||||||||||||| ||spa|| | ||
| 020 | _a978-9972-2572-3-0 | ||
| 082 | _a276.685/R78 | ||
| 100 | _aRojas Ingunza, Ernesto | ||
| 245 | 0 | _aEl Báculo y la Espada: | |
| 264 | _bInstituto Riva-Agüero | ||
| 942 | _cLIB | ||
| 999 |
_c10395 _d10395 |
||